Multifunkčný objekt v zóne Kamenného námestia v Bratislave

Gespeichert in:
Bibliographische Detailangaben
1. Verfasser: Konevalová, Katarína (Verfasst von)
Weitere Verfasser: Bogár, Michal (Betreuung Doktorarbeit)
Format: Manuskript Buch
Sprache:Slowakisch
Veröffentlicht: 2025
Schlagworte:
Online-Zugang:http://is.stuba.sk/zp/portal_zp.pl?podrobnosti=185914
Tags: Tag hinzufügen
Keine Tags, Fügen Sie das erste Tag hinzu!

MARC

LEADER 00000ntm a22000003a 4500
001 stuzp105075
003 SK-STU
005 20250607211105.6
007 ta
008 150427s2015----xo-----f-mn---000-0-slo-d
040 |a STU  |b slo 
041 0 |a slo 
100 1 |a Konevalová, Katarína  |u 054140  |4 aut  |U FAD Fakulta architektúry a dizajnu  |T FAD Ústav konštrukcií v architektúre a inžinierskych stavieb  |X 103645  |U A4140  |Y 395  |7 103645 
242 0 1 |a Multifunctional building in the zone of Kamenne square in Bratislava  |y eng 
245 1 0 |a Multifunkčný objekt v zóne Kamenného námestia v Bratislave 
260 |c 2025 
650 4 |a polyclinic  |2 eng 
650 4 |a urban renewal  |2 eng 
650 4 |a mixed-use building  |2 eng 
650 4 |a mestská obnova  |2 slo 
650 4 |a poliklinika  |2 slo 
650 4 |a polyfunkčný objekt  |2 slo 
700 1 |a Bogár, Michal  |u 054140  |k Z8  |4 ths  |U FAD Fakulta architektúry a dizajnu  |T FAD Ústav konštrukcií v architektúre a inžinierskych stavieb  |X 71161  |U A4140  |Y 395  |7 A000071161 
856 4 |u http://is.stuba.sk/zp/portal_zp.pl?podrobnosti=185914